| 000 | 00603nam a22002177a 4500 | ||
|---|---|---|---|
| 003 | BUBTL | ||
| 008 | 161124b xxu||||| |||| 00| 0 eng d | ||
| 020 | _a1870372441 | ||
| 082 | _a677DET | ||
| 100 |
_91454 _aDenton,M.J. |
||
| 245 |
_aTextile Terms and Definitions / _cM.J.Denton,P.N.Daniels |
||
| 250 | _a11th ed. | ||
| 260 |
_aUK : _bThe Textile Institute, _cc2002. |
||
| 300 |
_aix,407 p.: _bill.; _c21 cm. |
||
| 650 | 0 |
_9950 _aTextile Engineering |
|
| 700 |
_91455 _a Daniels,P.N. |
||
| 760 | _b11th | ||
| 856 |
_k0 _l0 _yDownload |
||
| 942 |
_2ddc _cBK |
||
| 999 |
_c5392 _d5392 |
||